Разработка составов и технологии получения пеностеклокристаллических материалов на основе кремнеземистого сырья: автореферат диссертации на соискание ученой степени кандидата технических наук; спец. 05.17.11

Détails bibliographiques
Auteur principal: Душкина М. А. Мария Алексеевна
Collectivité auteur: Национальный исследовательский Томский политехнический университет (ТПУ) Кафедра технологии силикатов и наноматериалов
Autres auteurs: Казьмина О. В. Ольга Викторовна (научный руководитель)
Résumé:Защита сост. 06.10.2015 г.
Langue:russe
Publié: Томск, [Б. и.], 2015
Sujets:
Format: MixedMaterials Livre
KOHA link:https://koha.lib.tpu.ru/cgi-bin/koha/opac-detail.pl?biblionumber=307329

MARC

LEADER 00000nam0a2200000 4500
001 307329
005 20231223163426.0
035 |a (RuTPU)RU\TPU\book\332622 
090 |a 307329 
100 |a 20151019d2015 k y0rusy50 ca 
101 0 |a rus 
102 |a RU 
105 |a a dm 001zy 
200 1 |a Разработка составов и технологии получения пеностеклокристаллических материалов на основе кремнеземистого сырья  |e автореферат диссертации на соискание ученой степени кандидата технических наук  |e спец. 05.17.11  |f М. А. Душкина  |g Национальный исследовательский Томский политехнический университет (ТПУ), Кафедра технологии силикатов и наноматериалов ; науч. рук. О. В. Казьмина 
210 |a Томск  |c [Б. и.]  |d 2015 
215 |a 21 с.  |c ил. 
300 |a Защита сост. 06.10.2015 г. 
320 |a Библиогр.: с. 19-21 (21 назв.). 
452 1 |0 (RuTPU)RU\TPU\book\328718  |t Разработка составов и технологии получения пеностеклокристаллических материалов на основе кремнеземистого сырья  |o автореферат диссертации на соискание ученой степени кандидата технических наук  |o спец. 05.17.11  |f М. А. Душкина  |g Национальный исследовательский Томский политехнический университет (ТПУ), Центр управления научно-исследовательским оборудованием (ЦУНИО) ; науч. рук. О. В. Казьмина  |c Томск  |d 2015  |a Душкина, Мария Алексеевна 
606 1 |a Пеностекло  |x Химическая технология  |2 stltpush  |3 (RuTPU)RU\TPU\subj\34671  |9 56569 
610 1 |a кремнеземистое сырье 
610 1 |a исходные материалы 
610 1 |a тонкодисперсные пески 
610 1 |a стеклогранулят 
610 1 |a силикатообразование 
610 1 |a стеклообразование 
610 1 |a шихта 
610 1 |a термообработка 
610 1 |a пенообразующие смеси 
610 1 |a вспенивание 
610 1 |a температурный режим 
610 1 |a пеностеклокристаллические материалы 
610 1 |a внешние факторы 
610 1 |a устойчивость 
610 1 |a комплексная оценка 
610 1 |a авторефераты диссертаций 
610 1 |a труды учёных ТПУ 
675 |a 666.189.3(04)  |v 3 
686 |a 05.17.11  |2 oksvnk 
700 1 |a Душкина  |b М. А.  |c специалист в области материаловедения  |c инженер-исследователь Томского политехнического университета  |f 1989-  |g Мария Алексеевна  |3 (RuTPU)RU\TPU\pers\30830 
702 1 |a Казьмина  |b О. В.  |c химик-технолог  |c профессор Томского политехнического университета, доктор технических наук  |f 1967-  |g Ольга Викторовна  |3 (RuTPU)RU\TPU\pers\26196  |4 727  |9 12004 
712 0 2 |a Национальный исследовательский Томский политехнический университет (ТПУ)  |b Кафедра технологии силикатов и наноматериалов  |c (2009- )  |3 (RuTPU)RU\TPU\col\15902 
801 1 |a RU  |b 63413507  |c 20151019 
801 2 |a RU  |b 63413507  |c 20200826  |g RCR 
942 |c BK